000 00388nam a2200145Ia 4500
008 230917s9999||||xx |||||||||||||| ||und||
040 _e146853
_aMAIN
041 _aEnglish
082 _a301.440973 R745I
100 _aRothman, Robert A
245 0 _aInequality and stratification in the united states
260 _aNew Jersey
_bPrentice-Hall
_c1978
300 _a241p p.
942 _cBK
999 _c201255
_d201255